Ewige Tabelle des DFL-Ligapokals - Statistiken

Allgemein
  • Dieses Quiz wurde 151 mal gespielt
  • Das Durchschnittsergebnis liegt bei 25 aus 36
Antwortstatistiken
Rang Antwort Punkte % Korrekt
1. FC Bayern München 35
100%
7. Borussia Dortmund 16
99%
2. FC Schalke 04 29
96%
5. VfB Stuttgart 18
96%
8. Borussia Mönchengladbach 15
94%
3. Hamburger SV 22
94%
17. 1. FC Köln 7
93%
9. Eintracht Frankfurt 15
92%
6. SV Werder Bremen 17
92%
35. 1. FC Nürnberg 0
90%
4. Hertha BSC 19
90%
11. Fortuna Köln 10
89%
12. Bayer 04 Leverkusen 10
88%
21. 1. FC Kaiserslautern 7
84%
18. Hannover 96 7
84%
32. SC Freiburg 1
84%
14. Fortuna Düsseldorf 8
81%
15. VfL Bochum 8
79%
32. Hansa Rostock 1
76%
30. TSV 1860 München 3
72%
29. 1. FSV Mainz 05 3
71%
10. Eintracht Braunschweig 12
69%
34. Karlsruher SC 1
68%
20. Arminia Bielefeld 7
67%
23. MSV Duisburg 6
67%
19. FC St. Pauli 7
63%
16. Rot-Weiss Essen 7
59%
13. SpVgg Bayern Hof 9
58%
31. Schwarz-Weiß Essen 2
57%
28. Rot-Weiß Oberhausen 3
39%
27. VfL Osnabrück 3
33%
36. Hessen Kassel 0
19%
26. Wacker 04 Berlin 4
16%
24. Borussia Neunkirchen 6
13%
25. Eintracht Gelsenkirchen 4
2%
22. SpVgg Erkenschwick 6
1%
Keine übereinstimmenden Quizze gefunden
Verteilung der Resultate
Anzahl Personen mit jedem Resultat
Perzentil nach korrekt beantworteten Fragen
Ihre Resultats-Entwicklung
Sie haben dieses Quiz noch nicht gespielt